000 01039nam a2200301Ia 4500
003 OSt
005 20221007123219.0
006 a|||||r|||| 00| 0
007 ta
008 221006b |||||||| |||| 00| 0 eng d
020 _a3764326158 (Basel:hbd)
024 _a4103
037 _cTextual
040 _aPAPL
_cPAPL
_beng
041 _2eng
_aeng
082 _aB270k7:355, N2
100 _aLeznov A N
_9716864
245 0 _aGroup-theoretical methods for integration of nonlinear dynamical systems by A N Leznov and M V Saveliev. Tr from the Russion by D A Leites
_b Saveliev M V
260 _aBasel
_bBirkhauser Verlag
_c1992
300 _axvii,290p
_ccm.
490 _aProgress in physics; 15
500 _aBibliography 283-290p; ^mPurchase; ^c1996-11-21^r1996-12-19
650 _a Group theory irt Nonlinear dynamical systems
_9716865
650 _aMathematics
700 _a Saveliev M V
_9716866
942 _hB270k7:355, N2
_cTEXL
_2CC
999 _c1211537
_d1211537